Modern geometries

Αποθηκεύτηκε σε:
Λεπτομέρειες βιβλιογραφικής εγγραφής
Κύριος συγγραφέας: Smart, James R.
Μορφή: Βιβλίο
Γλώσσα:English
Δημοσίευση: Pacific Grove, CA : Brooks/Cole Publishing Company, c1998
Έκδοση:5th ed.
Θέματα:
Ετικέτες: Προσθήκη ετικέτας
Δεν υπάρχουν, Καταχωρήστε ετικέτα πρώτοι!

MARC

LEADER 00000nam a2200000 i 4500
001 1/15389
008 010117s1998 eng d
020 |a 0-534-35188-3 
035 |l 10065388 
040 |a GR-MY-UA  |b gre  |e aacr 
041 0 |a eng 
082 0 |a 516.04 
100 1 |a Smart, James R. 
245 1 0 |a Modern geometries /  |c James R. Smart 
250 |a 5th ed. 
260 |a Pacific Grove, CA :   |b Brooks/Cole Publishing Company,   |c c1998 
300 |a xvii, 451 p.;  |b ill. (some col.);  |c 25 cm. 
504 |a Includes bibliographical references and index 
650 0 0 |a Geometry, Modern. 
852 |a INST  |b SAMOS  |e 20010117  |h 516.04 SMA  |p 005300022381  |q 005300022381  |t BK  |y 0 
901 |a BIBL3-2001-1 
909 |a Σ  |b 081547 
922 |a 3ΕΛΗ  |b 200006  |c ΕΠΕΑΕΚ/ΜΑΘ  |d ΠΑΠΑΣΩΤΗΡΙΟΥ 
970 |a ΚΟΣΙΕΡΗΣ  |b ΧΡΗΣΤΟΣ  |z 2001/01/17